|
|
|
|
| LEADER |
01428nam a2200385Ia 4500 |
| 001 |
EBC334521 |
| 003 |
MiAaPQ |
| 005 |
20200520144314.0 |
| 006 |
m o d | |
| 007 |
cr cn||||||||| |
| 008 |
010131s2001 caua sb 001 0 eng d |
| 010 |
|
|
|z 2001274412
|
| 020 |
|
|
|z 9780761952954
|
| 020 |
|
|
|z 9781847876300 (ebook)
|
| 020 |
|
|
|z 0761952942 (U.S.)
|
| 020 |
|
|
|z 0761952950 (pbk.)
|
| 035 |
|
|
|a (MiAaPQ)EBC334521
|
| 035 |
|
|
|a (Au-PeEL)EBL334521
|
| 035 |
|
|
|a (CaPaEBR)ebr10218219
|
| 035 |
|
|
|a (CaONFJC)MIL124017
|
| 035 |
|
|
|a (OCoLC)437202948
|
| 040 |
|
|
|a MiAaPQ
|c MiAaPQ
|d MiAaPQ
|
| 050 |
|
4 |
|a HD62.7
|b .C868 2001
|
| 100 |
1 |
|
|a Curran, James,
|d 1936-
|
| 245 |
1 |
0 |
|a Researching the small enterprise
|h [electronic resource] /
|c James Curran and Robert A. Blackburn.
|
| 260 |
|
|
|a Thousand Oaks, Calif ;
|a London :
|b SAGE Publications,
|c 2001.
|
| 300 |
|
|
|a x, 180 p. :
|b ill.
|
| 504 |
|
|
|a Includes bibliographical references (p. [167]-177) and index.
|
| 533 |
|
|
|a Electronic reproduction. Ann Arbor, MI : ProQuest, 2015. Available via World Wide Web. Access may be limited to ProQuest affiliated libraries.
|
| 650 |
|
0 |
|a Small business
|x Management
|x Research.
|
| 650 |
|
0 |
|a Industrial management.
|
| 655 |
|
4 |
|a Electronic books.
|
| 700 |
1 |
|
|a Blackburn, Robert A.,
|d 1957-
|
| 710 |
2 |
|
|a ProQuest (Firm)
|
| 856 |
4 |
0 |
|u https://ebookcentral.proquest.com/lib/matrademy/detail.action?docID=334521
|z Click to View
|